Correspondencia del Obispo de Guadalajara don Juan de Santiago de León Garavito, donde explica su sentir sobre la real cédula sobre los vicarios

Detalles Bibliográficos
Otros Autores: Juan de Santiago de León Garavito
Formato: Libro
Publicado: Tecamachalco, 1689
Materias:
Colección:Banco de datos
Acervo:Biblioteca Palafoxiana. Colección de Manuscritos
Descripción Física:7 f. ; 20.5 x 30.5 cm.
Tema general:Eclesiástica
LEADER 00515nam a22001450004500
035 |a 3176 
245 1 0 |a Correspondencia del Obispo de Guadalajara don Juan de Santiago de León Garavito, donde explica su sentir sobre la real cédula sobre los vicarios 
260 |a Tecamachalco, 1689 
300 |a 7 f. ; 20.5 x 30.5 cm. 
650 1 0 |a Eclesiástica 
700 1 |a Juan de Santiago de León Garavito 
949 |a R478/063 
942 |c PALAMANU 
943 |g Biblioteca Palafoxiana. Colección de Manuscritos 
999 |c 1071121  |d 1071121